| 000 | 01550cam a2200337 i 4500 | ||
|---|---|---|---|
| 001 | 30047 | ||
| 003 | Mx-PuUPA | ||
| 005 | 20240812102249.0 | ||
| 008 | 140415s2003 mx d gr 000 0 spa d | ||
| 020 |
_a9562890406 _qv.1 |
||
| 020 |
_a9562890392 _qobra completa |
||
| 040 |
_cMx-PuUPA _aMx-PuUPA _bspa _dMx-PuUPA _erda |
||
| 041 | 0 | _aspa | |
| 245 | 0 | 4 |
_a¿Es sostenible la globalización en América Latina? : _bdebates con Manuel Castells. _nVolumen 1. _pLa globalización y América Latina: asignaturas pendientes / _cFernando Calderón, coordinador |
| 246 | 3 |
_aLa globalización y América Latina : _basignaturas pendientes. |
|
| 250 | _aPrimera edición | ||
| 264 | 1 |
_aMéxico, D.F : _bFondo de Cultura Económica, _c2003 |
|
| 300 |
_a2 volúmenes paginación varía : _bgráficas, diagramas, tablas ; _c23 cm |
||
| 336 |
_2rdacontent _atexto _btxt |
||
| 337 |
_2rdamedia _asin medio _bn |
||
| 338 |
_2rdacarrier _avolumen _bnc |
||
| 490 | 0 | _aSección de obras de Sociología | |
| 650 | 7 |
_2armarc _913986 _aGlobalización _xCondiciones sociales _zAmérica Latina, 1982 _vCongresos, conferencias, etc. |
|
| 650 | 7 |
_2armarc _aDesarrollo económico _xAspectos sociales _zAmérica Latina _vCongresos, conferencias, etc. |
|
| 650 | 7 |
_2armarc _aInnovaciones tecnológicas _xAspectos sociales _zAmérica Latina _vCongresos |
|
| 700 | 1 |
_aCalderón, Fernando, _ecoordinador |
|
| 942 |
_2ddc _cLI _h337.1 _iS715 |
||
| 999 |
_c30047 _d30047 |
||